Villa El Salvador: Poder y comunidad /
Saved in:
| Main Author: | |
|---|---|
| Other Authors: | |
| Format: | Text |
| Published: |
Lima:
CECOSAM. CEIS
|
| Tags: |
Add Tag
No Tags, Be the first to tag this record!
|
MARC
| LEADER | 00000 a a2200000 04500 | ||
|---|---|---|---|
| 001 | 24482 | ||
| 003 | |||
| 040 | |||
| 090 | |a 167500 | ||
| 100 | |a Coronado, Jaime | ||
| 245 | |a Villa El Salvador: Poder y comunidad / |c Jaime Coronado | ||
| 260 | |a Lima: |b CECOSAM. CEIS | ||
| 300 | |a 177 p | ||
| 700 | |a Pajuelo, Ramón | ||
| 999 | |c 15253 |d 15253 | ||
